Historia 2º ciclo, educación secundaria obligatoira: Ciencias Sociales, geografía e Historia
Guardat en:
| Autors principals: | , , , , , |
|---|---|
| Format: | Llibre |
| Idioma: | espanyol |
| Publicat: |
Madrid
Anaya
1998
|
| Col·lecció: | Serie Nuestro Mundo
Propuesta Didáctica |
| Matèries: | |
| Etiquetes: |
Afegir etiqueta
Sense etiquetes, Sigues el primer a etiquetar aquest registre!
|
MARC
| LEADER | 00000nam a2200000 a 4500 | ||
|---|---|---|---|
| 001 | UCM8825 | ||
| 003 | CL-VaPUC | ||
| 008 | 030328e19980000SP |||||||||||||||||spa|d | ||
| 082 | 0 | 4 | |a 900.712 |b PRA |2 21 |
| 100 | 0 | |a Prats Cuevas, Joaquim |e author |9 475041 | |
| 700 | 0 | |a Castelló, José Emilio |e author |9 475042 | |
| 700 | 0 | |a Camino García, María |e author |9 475043 | |
| 700 | |a Izuzquiza Otero, Ignacio |e author |9 492540 | ||
| 700 | 0 | |a Loste, María Antonia |e author |9 475045 | |
| 700 | 0 | |a Pongiluppi, Montserrat |e author |9 475046 | |
| 245 | 1 | 0 | |a Historia 2º ciclo, educación secundaria obligatoira: Ciencias Sociales, geografía e Historia |
| 300 | |a 261 p | ||
| 942 | |c BK | ||
| 945 | |d 20030328 00:00:00 |a cmena | ||
| 260 | |a Madrid |b Anaya |c 1998 | ||
| 650 | 0 | |a Enseñanza de la historia |9 307330 | |
| 650 | 0 | |a Métodos de enseñanza |9 270413 | |
| 650 | 0 | |a Planificación del currículo |9 269599 | |
| 583 | |a last modification |c 20170822 09:53:33 |k Rodrigo Vera | ||
| 490 | 0 | |a Serie Nuestro Mundo | |
| 490 | 0 | |a Propuesta Didáctica | |
| 999 | |c 303246 |d 303244 | ||
| 952 | |0 0 |1 0 |4 0 |6 900_712000000000000_PRA_1998 |7 0 |8 A |9 364425 |a BIBHIS |b BIBHIS |d 2019-11-21 |i 3887820 |o 900.712 PRA 1998 |p 3887820 |r 2025-01-20 |w 2019-11-21 |y BK |k HIS | ||